<?xml version="1.0" encoding="UTF-8"?>
<record
    xmlns:xsi="http://www.w3.org/2001/XMLSchema-instance"
    xsi:schemaLocation="http://www.loc.gov/MARC21/slim http://www.loc.gov/standards/marcxml/schema/MARC21slim.xsd"
    xmlns="http://www.loc.gov/MARC21/slim">

  <leader>     nam a22     7a 4500</leader>
  <datafield tag="999" ind1=" " ind2=" ">
    <subfield code="c">93171</subfield>
    <subfield code="d">93171</subfield>
  </datafield>
  <controlfield tag="003">NALT</controlfield>
  <controlfield tag="005">20171006101045.0</controlfield>
  <controlfield tag="008">170720b        xxu||||| |||| 00| 0 eng d</controlfield>
  <datafield tag="020" ind1=" " ind2=" ">
    <subfield code="a">9789971698669 (Paperback)</subfield>
  </datafield>
  <datafield tag="040" ind1=" " ind2=" ">
    <subfield code="a">NALT</subfield>
  </datafield>
  <datafield tag="050" ind1=" " ind2=" ">
    <subfield code="a">DS 530.65</subfield>
    <subfield code="b">M47 2016</subfield>
  </datafield>
  <datafield tag="245" ind1="0" ind2="0">
    <subfield code="a">Metamorphosis :</subfield>
    <subfield code="b">studies in social and political change in Myanmar /</subfield>
    <subfield code="c">edited by Renaud Egreteau and Francois Robinne.</subfield>
  </datafield>
  <datafield tag="260" ind1=" " ind2=" ">
    <subfield code="a">Singapore :</subfield>
    <subfield code="b">NUS Press,</subfield>
    <subfield code="c">c2016.</subfield>
  </datafield>
  <datafield tag="300" ind1=" " ind2=" ">
    <subfield code="a">xiv, 428 p. :</subfield>
    <subfield code="b">ill., tables ;</subfield>
    <subfield code="c">23 cm.</subfield>
  </datafield>
  <datafield tag="650" ind1=" " ind2="0">
    <subfield code="9">10586</subfield>
    <subfield code="a">Burmese</subfield>
    <subfield code="x">Ethnic identity</subfield>
  </datafield>
  <datafield tag="650" ind1=" " ind2="0">
    <subfield code="9">10587</subfield>
    <subfield code="a">Social change</subfield>
    <subfield code="z">Burma</subfield>
  </datafield>
  <datafield tag="651" ind1=" " ind2="0">
    <subfield code="9">4972</subfield>
    <subfield code="a">Burma</subfield>
    <subfield code="x">Politics and government</subfield>
  </datafield>
  <datafield tag="651" ind1=" " ind2="0">
    <subfield code="9">10584</subfield>
    <subfield code="a">Burma</subfield>
    <subfield code="x">Social conditions</subfield>
    <subfield code="y">1988-</subfield>
  </datafield>
  <datafield tag="700" ind1="1" ind2=" ">
    <subfield code="9">10589</subfield>
    <subfield code="a">Egreteau, Renaud</subfield>
  </datafield>
  <datafield tag="700" ind1="1" ind2=" ">
    <subfield code="9">10591</subfield>
    <subfield code="a">Robinne, Francois</subfield>
  </datafield>
  <datafield tag="850" ind1=" " ind2=" ">
    <subfield code="a">NALT</subfield>
  </datafield>
  <datafield tag="942" ind1=" " ind2=" ">
    <subfield code="2">lcc</subfield>
    <subfield code="c">GB</subfield>
  </datafield>
  <datafield tag="998" ind1=" " ind2=" ">
    <subfield code="a">ben</subfield>
    <subfield code="c">ben</subfield>
    <subfield code="b">101</subfield>
  </datafield>
  <datafield tag="952" ind1=" " ind2=" ">
    <subfield code="0">0</subfield>
    <subfield code="1">0</subfield>
    <subfield code="2">lcc</subfield>
    <subfield code="4">0</subfield>
    <subfield code="7">0</subfield>
    <subfield code="8">CASEAN</subfield>
    <subfield code="a">NALT</subfield>
    <subfield code="b">NALT</subfield>
    <subfield code="d">2017-07-20</subfield>
    <subfield code="l">0</subfield>
    <subfield code="o">ASEAN DS 530.65 M47 2016</subfield>
    <subfield code="p">3961206664</subfield>
    <subfield code="r">2017-08-03 00:00:00</subfield>
    <subfield code="w">2017-07-20</subfield>
    <subfield code="y">GB</subfield>
  </datafield>
</record>
